000 00820nam a22002175i 4500
001 161759
003 ES-MaACL
005 20250816062550.0
008 041025s1898 fr |||| | fre d
040 _aCAM
_bspa
_cCAM
100 1 _aPérès, Jean.
_9131502
245 1 2 _aL'art et le réel
_b: essai de métaphysique fondée sur l'esthétique /
_cpar Jean Pérès.
260 _aParis :
_bFélix Alcan éditeur,
_c1898 (
_eGrenoble :
_fImprimerie Allier Fréres)
300 _aXII, 208 p. ;
_c22 cm.
490 1 _aBibliotheque de philosophie contemporaine
598 _aSerie tomada de la cub. original.
650 7 _aEstética
_2embne
_9142387
830 0 _aBibliotheque de philosophie contemporaine
_9181027
852 _aES-MaACL
_jB-7015
_z-- Enc. hol. conservando la cub. original
999 _c161759
_d161759